000 00688nam a22002297a 4500
999 _c5873
_d5873
003 AR-CdUCM
008 190313b ||||| |||| 00| 0 spa d
040 _aMUNICIPALIDAD PROVINCIAL DEL CUSCO
_cBIBLIOTECA MUNICIPAL DEL CUSCO
082 _a869.56 /
_bP44
100 _aPérez Contreras, Algemiro
_910276
245 _aHerida Innegable /
260 _aChosica :
_bEdiciones la Cantuta,
_c1957.
300 _aXXIII paginas ;
_bIlustraciones, dibujos,
_c22cm.
500 _aPoesias
650 _aPoesias Peruanas
_92190
650 _aSiglo XX
_98
650 _aLiteratura
_983
650 _aRomanticismo
_9518
700 _aGalli, Emilia
_917337
942 _2ddc
_cLIBROS
945 _apjha